Actas del Cabildo de Guayaquil : (Record no. 5815)

000 -CABECERA
fixed length control field 01158nam a22002657a 4500
003 - IDENTIFICADOR DEL NÚMERO DE CONTROL
control field AR-CdUCM
008 - DATOS DE LONGITUD FIJA--INFORMACIÓN GENERAL
fixed length control field 190313b ||||| |||| 00| 0 spa d
040 ## - FUENTE DE LA CATALOGACIÓN
Agencia/entidad que catalogó originalmente la obra MUNICIPALIDAD PROVINCIAL DEL CUSCO
Entidad que transcribió la catalogación BIBLIOTECA MUNICIPAL DEL CUSCO
082 ## - NÚMERO DE LA CLASIFICACIÓN DECIMAL DEWEY
No. de Clasificación 986.20 /
Notacion interna G85
100 ## - ENTRADA PRINCIPAL--NOMBRE DE PERSONA
Nombre Personal Reig Satorres, José
245 ## - MENCIÓN DE TÍTULO
Título Actas del Cabildo de Guayaquil :
Resto del título 1634-1639 /
260 ## - PUBLICACIÓN, DISTRIBUCIÓN, ETC.
Lugar de publicación, distribución, etc. Guayaquil :
Nombre de la editorial, distribuidor, etc. Corporación de Estudios y Publicaciones, Sección de Investigaciones Histórico Jurídicas,
Fecha de publicación, distribución, etc. 1970.
300 ## - DESCRIPCIÓN FÍSICA
Nº de Páginas Extensión 557 páginas ;
Otros detalles físicos ilustraciones, facsíms., mapas ;
Dimensiones 28 cm.
440 ## - MENCIÓN DE SERIE/PUNTO DE ACCESO ADICIONAL--TÍTULO
Título Anuario histórico jurídico ecuatoriano ;
Número de la parte/sección de una obra 1
9 (RLIN) 17230
505 ## - NOTA DE CONTENIDO CON FORMATO
Nota de contenido formateada Contenido: Comentario a las Actas del Cabildo de Guayaquil -- Actas del Cabildo de Guayaquil 1634-1639...
650 ## - PUNTO DE ACCESO ADICIONAL DE MATERIA--TÉRMINO DE MATERIA
Descriptor Ecuador
9 (RLIN) 10121
650 ## - PUNTO DE ACCESO ADICIONAL DE MATERIA--TÉRMINO DE MATERIA
Descriptor Historia
9 (RLIN) 136
650 ## - PUNTO DE ACCESO ADICIONAL DE MATERIA--TÉRMINO DE MATERIA
Descriptor Audiencia de Quito
9 (RLIN) 17231
650 ## - PUNTO DE ACCESO ADICIONAL DE MATERIA--TÉRMINO DE MATERIA
Descriptor Documentos
9 (RLIN) 7186
700 ## - PUNTO DE ACCESO ADICIONAL--NOMBRE DE PERSONA
Nombre Personal Reig Satorres, José
9 (RLIN) 17229
710 ## - PUNTO DE ACCESO ADICIONAL--NOMBRE DE ENTIDAD CORPORATIVA
Nombre corporativo (En letras Mayúsculas) Corporación de estudios y Publicaciones (Guayaquil).
Título del trabajo Sección de Investigaciones Histórico Jurídicas.
9 (RLIN) 17232
942 ## - ELEMENTOS DE PUNTO DE ACCESO ADICIONAL (KOHA)
Fuente de clasificación
Tipo de item Libros-BMC
945 ## - PROCESAMIENTO DE INFORMACIÓN LOCAL (OCLC)
Catalogador Liseth
Holdings
Estado de retiro (separado) Fuente de clasificación o esquema de estanterías Estado dañado Ubicación Sala donde se ubica Nombre de la colección Fecha de adquisición o compra Costo, precio normal en soles Signatura topográfica Código de Barras Última vez visto (Koha) Tipo de ítem (Koha)
No     Sala Humanidades Sala Humanidades Book Cart 2019-03-13 50.00 986.20 / G85 SH0000006594 2019-03-13 Libros-BMC

Powered by Koha